| 000 | 00868nab a2200265 u 4500 | ||
|---|---|---|---|
| 001 | 15945 | ||
| 003 | HDC | ||
| 007 | cr bn ---aaaaa | ||
| 008 | 210201b201406220my ||||| |||| 00| 0 may d | ||
| 040 | _aHDC | ||
| 245 | 0 | _a20 pengusaha terpilih TESCO SME Kecoh | |
| 260 |
_aKuala Lumpur : _bThe New Straits Times Press (M) Bhd., _c2014 |
||
| 300 | _a1 online resource | ||
| 336 |
_atext _2rdacontent |
||
| 337 |
_acomputer _2rdamedia |
||
| 338 |
_aonline resource _2rdacarrier |
||
| 610 |
_aTESCO (M) Sdn. Bhd. _915928 |
||
| 650 |
_aHalal food _950 |
||
| 650 |
_aSmall business _9208 |
||
| 710 |
_aHarian Metro, _eissung body |
||
| 856 | _zRequest full-text at [email protected] | ||
| 942 | _2lcc | ||
| 942 | _cNEWS | ||
| 942 | _kNWSC 006472 | ||
| 999 |
_c13261 _d13261 |
||